00859 2200289 4500001002100000005001700021008004100038020002200079035002500101040001200126082002000138084002000158090002000178100002200198245012100220260002800341300003200369440002600401650001400427700002300441700001900464700002000483850001200503990001800515990001800533990001800551INLIS00000000000339320150415093953.0  a978-602-241-921-1 a0010-041500000000459 aYOPDYOG aQ 574.824 Pec A aQ 574.824 Pec A aQ 574.824 Pec A aPECKHAM, Michelle aAt a glance histologi /cMichelle Peckham ; alih bahasa Juwalita Sarapsari ; editor, Sally Carolina, Rina Astikawati aJakartabErlanggac2014 a108 hlm.b: ilus.c; 28 cm. aHistology at a glance aHistologi aJuwalita Sarapsari aSally Carolina aRina Astikawati aYOPDYOG a10767-PD/B.15 a10768-PD/B.15 a10769-PD/B.15